| 000 | 00407nam a22001577a 4500 | ||
|---|---|---|---|
| 008 | 241001b |||||||| |||| 00| 0 eng d | ||
| 020 | _a9788197583612 | ||
| 082 |
_a624 _bGAG |
||
| 100 | _aGAUR, R.K | ||
| 245 | _aGeo Textiles | ||
| 260 |
_aGhaziabad: _bNorthern India Textile Research Association, _c2024. |
||
| 300 | _a38486 | ||
| 650 | _aTextile | ||
| 700 | _aArindam Basu (Ed.) | ||
| 942 |
_2ddc _cBK |
||
| 999 |
_c12923 _d12923 |
||